| 000 | 00605nam a2200193Ia 4500 | ||
|---|---|---|---|
| 003 | GCL | ||
| 008 | 140319s9999 xx 000 0 aFre d | ||
| 020 | _a9990636400 | ||
| 040 |
_aGCL / _cGCL |
||
| 082 | 0 | 4 |
_a306.6971822 _bD F |
| 100 | 1 | _aDEGUILHEM, RANDI | |
| 245 | 1 | 0 |
_aLES FONDATIONS PIEUSES ( WAQF ) EN MEDITERRANEE / _cDEGUILHEM, RANDI |
| 260 |
_aالكويت : _bLA FONDATION PUBLIQUE DU KUWAIT ، _c2004 |
||
| 300 |
_a32 CM ؛ _c437 P |
||
| 650 | 0 | 4 | _aRELIGIOUS TRUSTS - MEDITERRANEAN REGION |
| 650 | 0 | 4 | _aENDOWMENTS - ARAB COUNTRIES |
| 650 | 0 | 4 | _aWAQF - MEDITERRANEAN REGION |
| 942 |
_2ddc _cBK |
||
| 999 |
_c6880 _d6880 |
||